000 00342nam a2200133Ia 4500
008 240624s9999 xx 000 0 und d
041 _aeng
082 _a300.72 GIR
100 _aGIRI ARUNANGSHU
245 _aRESEARCH METHODOLOGY FOR SOCIAL SCIENCES
260 _c2019
_aNew Delhi
_bSage
300 _axxx, 339 p.; 23 cm.
365 _cRS
_b35
999 _c31707
_d31707